| 000 | 00823nam a22002297a 4500 | ||
|---|---|---|---|
| 003 | OSt | ||
| 005 | 20260601193900.0 | ||
| 008 | 260506b2009 enka|||| |||| 00| 0 eng d | ||
| 020 | _a9781845119515 | ||
| 040 |
_aICI _bspa _cICI |
||
| 050 |
_aNC1807.L42 _bM33 2009 |
||
| 100 |
_aMaasri, Zeina, _eautor. _933673 |
||
| 245 |
_aOff the Wall : _bPolitical Posters of the Lebanese Civil War / _cZeina Maasri. |
||
| 260 |
_aLondon : _bI. B. Tauris, _c2009. |
||
| 300 |
_a137 paginas. _bbil. ; _c25 cm. |
||
| 650 |
_aPolitical posters _xHistory _y20th century. _zLebanon _933674 |
||
| 650 |
_aPropaganda, Political _zLebanon. _933675 |
||
| 650 |
_aVisual communication _xPolitical aspects _zLebanon. _933676 |
||
| 650 |
_aArt and politics _zLebanon. _933677 |
||
| 651 |
_aLebanon _xHistory _yCivil War, 1975-1990. _933678 |
||
| 942 |
_2lcc _cB _n0 |
||
| 999 |
_c22192 _d22192 |
||